| 000 | 00704nam a2200205 a 4500 | ||
|---|---|---|---|
| 001 | 000032281 | ||
| 005 | 20250924073803.0 | ||
| 008 | 110714s1974 dr ac 000 0 spa d | ||
| 040 |
_aDO-SdBNP _bspa _cBNPHU |
||
| 082 |
_axxx _bM671 |
||
| 100 | 1 |
_aMir, Pedro, _d1913-2000 _97245 |
|
| 245 | 1 | 0 |
_aApertura a la estetica / _cPedro Mir. |
| 260 |
_aSanto Domingo : _bEditora-UASD, _c1974. |
||
| 300 |
_a261 p. : _bil., retr. ; _c22 cm. |
||
| 490 | 1 |
_aHistoria y Sociedad _vv. 6 |
|
| 490 | 1 |
_aPublicaciones de la Universidad Autónoma de Santo Domingo _vv. 160 |
|
| 830 | 0 |
_aHistoria y Sociedad _nno. 6 _958321 |
|
| 830 |
_aPublicaciones de la Universidad Autónoma de Santo Domingo _vv. 160 _952 |
||
| 049 | _aBNPD | ||
| 999 |
_c31772 _d31772 |
||